| Record ID | ia:enchantedvoyage0000thom |
| Source | Internet Archive |
| Download MARC XML | https://archive.org/download/enchantedvoyage0000thom/enchantedvoyage0000thom_marc.xml |
| Download MARC binary | https://www.archive.org/download/enchantedvoyage0000thom/enchantedvoyage0000thom_meta.mrc |
LEADER: 02390cam 2200613Ma 4500
001 ocn520754147
003 OCoLC
005 20190925085713.0
008 091112s2010 enk d 000 f eng
040 $aUKM$beng$cUKM$dIUK$dVP@$dOCLCQ$dBDX$dOCLCF$dOCLCO$dOCLCA$dOCL$dOCLCO$dOCLCQ$dOCL$dOCLCO$dNZAUC$dOCL$dOCLCO$dOCLCQ$dNTG$dUKMGB
015 $aGBB028393$2bnb
016 7 $a015489956$2Uk
019 $a1052711612
020 $a9781444801859$q(pbk.)
020 $a1444801856$q(pbk.)
035 $a(OCoLC)520754147$z(OCoLC)1052711612
082 04 $a823.914$222
100 1 $aThomas, Mavis.
245 10 $aEnchanted voyage /$cMavis Thomas.
260 $aLeicester :$bLinford,$c2010.
300 $a201 pages ;$c19 cm.
336 $atext$btxt$2rdacontent
337 $aunmediated$bn$2rdamedia
338 $avolume$bnc$2rdacarrier
490 1 $aLinford romance library
520 $aLauren was a reluctant member of the family holiday group on a sea cruise, taking in Italy, Greece and Turkey. All her thoughts were of him: she agonised over Grant's accident, his operation, and his forthcoming marriage - to Elaine ... However, whilst on the BELLA ITALIA, Lauren became deeply involved with a charismatic member of the entertainment team ... and a fellow passenger - a teacher and his two difficult children ...
650 0 $aCruise ships$vFiction.
650 0 $aRomance fiction.
650 0 $aLarge type books.
650 7 $aCruise ships.$2fast$0(OCoLC)fst00884372
650 7 $aLarge type books.$2fast$0(OCoLC)fst00992678
650 7 $aRomance fiction.$2fast$0(OCoLC)fst01002985
655 7 $aRomance fiction.$2fast$0(OCoLC)fst01921732
655 7 $aFiction.$2fast$0(OCoLC)fst01423787
655 7 $aRomance fiction.$2lcgft
655 0 $aLarge type books.
830 0 $aLinford romance library.
938 $aBrodart$bBROD$n11170980$c$20.99
029 1 $aAU@$b000046487392
029 1 $aCBK$b121415295
029 1 $aNOK$b1444801856
029 1 $aNZ1$b13484946
029 1 $aUKBCI$b121415295
029 1 $aUKBNS$b121415295
029 1 $aUKBOR$b121415295
029 1 $aUKDON$b1444801856
029 1 $aUKDOR$b121415295
029 1 $aUKSCO$b121415295
029 1 $aUKSGC$b121415295
029 1 $aUKSOM$b121415295
029 1 $aUNITY$b121415295
029 1 $aUKMGB$b015489956
994 $aZ0$bP4A
948 $hNO HOLDINGS IN P4A - 88 OTHER HOLDINGS